000 00299nam a22001217a 4500
008 181107b xxu||||| |||| 00| 0 eng d
041 _aeng
080 _a610
100 _a3
101 _aSHM
245 _aMotor Control Translating Research Into Clinical Practice
_cCooK.A.SH
942 _2udc
_cBK
999 _c52125
_d52125